000 02056cam a22004697a 4500
003 CHAP
005 20220329141938.0
008 980904m1997 mx rs o00110 spa d
010 _a76097
011 _a77069
020 _a970-13-1783-1
020 _a970-13-1784-X
020 _a9701317858
035 _a86667
040 _cCHAP
082 0 4 _a338.972
_bI59 1996 Tamps.
110 2 _aInstituto Nacional de Estadística, Geografía e Informática. México
_959304
245 1 0 _aCuaderno estadístico municipal
_b: Tamaulipas
260 _aAguascalientes, Ags. :
_bInstituto Nacional de Estadística, Geografía e Informática,
_c1997-19 .
300 _av.
500 _aLa biblioteca tiene : v.1 El Mante -- v.2 Tampico -- v.3 Victoria
590 _aBATCH-UPD
_b10
_c20130110
_lUCH01
_h0138
590 _aBATCH-UPD
_b10
_c20130110
_lUCH01
_h1829
590 _aBATCH-UPD
_b10
_c20130409
_lUCH01
_h2136
590 _aBATCH-UPD
_b10
_c20130410
_lUCH01
_h1201
590 _aBATCH-UPD
_b10
_c20130913
_lUCH01
_h2043
590 _aCONVERSION
_b10
_c20130109
_lUCH01
_h1342
650 1 4 _aAgricultura
_xEstadísticas
_zTamaulipas.
_91469
650 1 4 _aGanadería
_xEstadísticas
_zTamaulipas.
_944728
650 1 4 _aTamaulipas
_xCondiciones económicas.
_9111522
650 1 4 _aTamaulipas
_xCondiciones sociales.
_9111524
650 1 4 _aTamaulipas
_xEstadísticas.
_9111529
901 _aBK
905 _aAlejandra Carrasco M.
942 _cLIBRO
949 _a338.972 I59 1996 Tamps.
_bBC
_cINEGI
_d33724000702015
_eINEGI
_fv.1
_h94076
_i86667
_sb
949 _a338.972 I59 1996 Tamps.
_bBC
_cINEGI
_d33724000702023
_eINEGI
_fv.3
_h94078
_i86667
_sb
949 _a338.972 I59 1996 Tamps.
_bBC
_cINEGI
_d33724000702031
_eINEGI
_fv.2
_h94077
_i86667
_sb
949 _a338.972 I59 1996 Tamps.
_bBC
_cINEGI
_d33724000840039
_eINEGI
_fv.1 c.2
_gDonaciØn
_h100751
_i86667
_sb
949 _a338.972 I59 1996 Tamps.
_bBC
_cINEGI
_d33724000840096
_eINEGI
_fv.3 c.2
_gDonaciØn
_h100752
_i86667
_sb
949 _a338.972 I59 1996 Tamps.
_bBC
_cINEGI
_d33724000840153
_eINEGI
_fv.2 c.2
_gDonaciØn
_h100753
_i86667
_sb
999 _c76097
_d76097